000
00219nam a22000857a 4500
008
160706b xxu||||| |||| 00| 0 eng d
100
_9
2381
_a
Goscinny R
245
_a
The Cauldron
260
_a
USA Orion
_b
Orion Publication
_c
2004
999
_c
2059
_d
2059